موسوعة جسم الإنسان المبسطة : الدم و القلب / (رقم التسجيلة. 110639)

تفاصيل مارك
000 -LEADER
fixed length control field 00627nam a22001937a 4500
005 - DATE AND TIME OF LATEST TRANSACTION
control field 20251108173719.0
008 - FIXED-LENGTH DATA ELEMENTS--GENERAL INFORMATION
fixed length control field 250721s2005 xx 000 0 ara d
020 ## - INTERNATIONAL STANDARD BOOK NUMBER
International Standard Book Number 9953338647
082 14 - DEWEY DECIMAL CLASSIFICATION NUMBER
Classification number ط/612.1/مكت
245 10 - TITLE STATEMENT
Title موسوعة جسم الإنسان المبسطة : الدم و القلب /
264 1# - PRODUCTION, PUBLICATION, DISTRIBUTION, MANUFACTURE, AND COPYRIGHT NOTICE
Place of production, publication, distribution, manufacture بيروت :
Name of producer, publisher, distributor, manufacturer مكتبة لبنان ناشرون،
Date of production, publication, distribution, manufacture, or copyright notice 2005.
300 ## - PHYSICAL DESCRIPTION
Extent 32ص
490 0# - SERIES STATEMENT
Series statement كتب الفراشة-موسوعة جسم الإنسان المبسطة
650 17 - SUBJECT ADDED ENTRY--TOPICAL TERM
Topical term or geographic name as entry element الدم
650 17 - SUBJECT ADDED ENTRY--TOPICAL TERM
Topical term or geographic name as entry element القلب
653 ## - INDEX TERM--UNCONTROLLED
Uncontrolled term ناشاون صغار (10-14) سنه
942 ## - ADDED ENTRY ELEMENTS (KOHA)
Source of classification or shelving scheme Dewey Decimal Classification
Koha item type كتب
المقتنيات
حالة السحب حالة الفقدان مصدر التصنيف حالة التلف غير قابل للإعارة المكتبة الرئيسية المكتبة الحالية موقع الرف تاريخ التزويد الرقم المتسلسل Total Checkouts رقم الإستدعاء تاريخ آخر ظهور تاريخ الفاتورة نوع المادة (كوها) الباركود
    Dewey Decimal Classification     المكتبة المركزية المكتبة المركزية مقتنيات قسم التزويد 28/07/2025 1274705   ط/612.1/مكت 28/07/2025 28/07/2025 كتب  
    Dewey Decimal Classification     مكتبة الاميرة بديعة مكتبة الاميرة بديعة الأطفال 21/05/2009 1274711   ط/612.1/مكت 28/07/2025 21/05/2009 كتب PLD00093994
    Dewey Decimal Classification     مكتبة حمزة العامة مكتبة حمزة العامة الأطفال 21/05/2009 1274710   ط/612.1/مكت 28/07/2025 21/05/2009 كتب PLD00093993
    Dewey Decimal Classification     مكتبة وادي السير العامة مكتبة وادي السير العامة الأطفال 21/05/2009 1274709   ط/612.1/مكت 28/07/2025 21/05/2009 كتب PLD00093992
    Dewey Decimal Classification     مكتبة ومركز فرح مكتبة ومركز فرح الأطفال 21/05/2009 1274706   ط/612.1/مكت 28/07/2025 21/05/2009 كتب PLD00093989
Implemented & Customized by: BBB with SCIT (Smart Chains for Information Technology)

Powered by Koha